Missing Word: 1985 Movies Quiz Stats

 Plays Quiz Updated May 29, 2015

Challenge
Share
Tweet
Embed
Score 0/20 Timer 04:00
13 Plays Today
Hint Missing Word % Correct
Back to the _____Future
98.2%
Girls Just _____ to Have FunWant
95.6%
The Color _____Purple
94.6%
A _____ with a ViewRoom
92.2%
To Live and _____ in L.A.Die
90.9%
St. _____ FireElmo's
90.2%
The _____ ClubBreakfast
85.2%
_____ Off Dead...Better
84%
Rambo: First _____ Part IIBlood
83.9%
_____ Seeking SusanDesperately
78.6%
Hint Missing Word % Correct
Pee-wee's _____ AdventureBig
77.7%
_____ ScienceWeird
74.5%
A _____ to a KillView
72.8%
Out of _____Africa
71.2%
Kiss of the _____ WomanSpider
70%
The _____ CauldronBlack
65.3%
_____ WolfTeen
65.2%
Brewster's _____Millions
63.4%
National Lampoon's _____ VacationEuropean
62.7%
Mad Max _____ ThunderdomeBeyond
56.8%

Today's Daily Dose

Missing Word
Entertainment 'M'

Word Ladder
North Carolina

On This Day
January 16th II

You're not logged in!

Compare scores with friends on all Sporcle quizzes.
OR
Log In

You Might Also Like...

Show Comments

Extras

Top Quizzes Today


Score Distribution

Your Account Isn't Verified!

In order to create a playlist on Sporcle, you need to verify the email address you used during registration. Go to your Sporcle Settings to finish the process.

Report this User

Report this user for behavior that violates our Community Guidelines.

Details: